[Event "2.ligaD04/05-11"]
[Site "?"]
[Date "2005.??.??"]
[Round "?"]
[White "Uhmann, Jan"]
[Black "Cely, Jaroslav"]
[Result "1/2-1/2"]
[WhiteElo "2223"]
[BlackElo "2181"]
[PlyCount "63"]
[EventDate "2005.??.??"]

1. d4 Nf6 2. c4 c5 3. d5 e5 4. Nc3 d6 5. e4 Be7 6. Bd3 O-O 7. Nge2 Na6 8. a3
Nc7 9. Ng3 Nfe8 10. O-O g6 11. Bh6 Ng7 12. f4 exf4 13. Bxf4 Bf6 14. Qe2 Qe7 15.
Rae1 Be5 16. Qf3 Bd7 17. Bxe5 Qxe5 18. Qf6 Rae8 19. b4 b6 20. bxc5 bxc5 21. Rb1
Bc8 22. Nb5 Nxb5 23. Rxb5 Re7 24. Qxe5 Rxe5 25. Rfb1 h5 26. Rb8 Re7 27. Ra8 Ba6
28. Rbb8 Rxb8 29. Rxb8+ Re8 30. Rxe8+ Nxe8 31. e5 f5 32. exf6 1/2-1/2

[Event "2.ligaD04/05-11"]
[Site "?"]
[Date "2005.??.??"]
[Round "?"]
[White "Vecera, Pavel"]
[Black "Svehla, Karel"]
[Result "1-0"]
[WhiteElo "2175"]
[BlackElo "2151"]
[PlyCount "37"]
[EventDate "2005.??.??"]

1. e4 d6 2. d4 Nf6 3. Nc3 g6 4. f4 Bg7 5. Bd3 O-O 6. Nf3 Nbd7 7. e5 Ne8 8. Qe2
Nb6 9. O-O c6 10. Ng5 Nc7 11. f5 dxe5 12. Nxh7 Kxh7 13. fxg6+ fxg6 14. Rxf8
Qxf8 15. Qh5+ Kg8 16. Bxg6 Qd8 17. Qh7+ Kf8 18. Bh6 Qxd4+ 19. Kh1 1-0

[Event "2.ligaD04/05-11"]
[Site "?"]
[Date "2005.??.??"]
[Round "?"]
[White "Cip, Dalibor"]
[Black "Siebenburger, Vlastimil"]
[Result "1-0"]
[WhiteElo "2179"]
[BlackElo "2196"]
[PlyCount "67"]
[EventDate "2005.??.??"]

1. c4 c6 2. d4 d5 3. cxd5 cxd5 4. Nc3 Nf6 5. Bf4 Nc6 6. e3 Bf5 7. Nf3 e6 8. Ne5
Nd7 9. Bb5 Ndxe5 10. Bxe5 Be7 11. Bxg7 Rg8 12. Be5 Qa5 13. Bg3 Bb4 14. O-O Bxc3
15. Bxc6+ bxc6 16. bxc3 Kd7 17. Qb3 Qb5 18. Qa3 c5 19. dxc5 Rgc8 20. Bd6 Rc6
21. Qb4 Qa6 22. Qh4 Rxd6 23. cxd6 Qxd6 24. Qf6 Bg6 25. Rfd1 Rc8 26. Qd4 a6 27.
Rac1 Qa3 28. e4 Bh5 29. f3 Qxa2 30. exd5 e5 31. Qxe5 Rg8 32. Qf5+ Kd8 33. Qf6+
Kd7 34. Qc6+ 1-0

[Event "2.ligaD04/05-11"]
[Site "?"]
[Date "2005.??.??"]
[Round "?"]
[White "Krondraf, Karel"]
[Black "Masak, Pavel"]
[Result "0-1"]
[WhiteElo "2153"]
[BlackElo "2055"]
[PlyCount "98"]
[EventDate "2005.??.??"]

1. e4 c5 2. b3 d6 3. Bb2 Nf6 4. Nc3 Nc6 5. Bb5 Bd7 6. Bxc6 Bxc6 7. Qe2 e6 8. f4
Be7 9. Nf3 O-O 10. e5 Nh5 11. g3 d5 12. d3 b5 13. Nd1 g6 14. Nf2 Qa5+ 15. Qd2
Qxd2+ 16. Nxd2 a5 17. O-O a4 18. c4 Rfd8 19. cxb5 Bxb5 20. bxa4 Rxa4 21. Rfc1
Rda8 22. a3 Ng7 23. Nb3 Rc8 24. Rc3 c4 25. Nd4 Be8 26. Rac1 Rb8 27. R1c2 cxd3
28. Rxd3 Rba8 29. Ng4 Nf5 30. Nc6 Bxc6 31. Rxc6 g5 32. Nf6+ Bxf6 33. exf6 gxf4
34. Rdc3 h5 35. gxf4 Rxf4 36. Rc8+ Rxc8 37. Rxc8+ Kh7 38. Rf8 d4 39. Rxf7+ Kg6
40. Rf8 e5 41. f7 Ne3 42. h4 Rf1+ 43. Kh2 Rf2+ 44. Kg3 Rxb2 45. Re8 Kxf7 46.
Rxe5 Kg6 47. Re6+ Kf7 48. Re5 Kf6 49. Rxh5 d3 0-1

[Event "2.ligaD04/05-11"]
[Site "?"]
[Date "2005.??.??"]
[Round "?"]
[White "Handl, Martin"]
[Black "Vasut, Karel"]
[Result "1/2-1/2"]
[WhiteElo "2023"]
[BlackElo "2136"]
[PlyCount "86"]
[EventDate "2005.??.??"]

1. e4 Nc6 2. Nf3 d5 3. exd5 Qxd5 4. Nc3 Qa5 5. Bb5 Bd7 6. O-O f6 7. Re1 O-O-O
8. d3 e5 9. Bd2 Qb6 10. Be3 Bc5 11. Bxc5 Qxc5 12. Qe2 Bg4 13. Bxc6 bxc6 14. Qe4
Nh6 15. Qe3 Qa5 16. Nd2 Be6 17. Nb3 Qb6 18. Na4 Qxe3 19. fxe3 Bxb3 20. axb3 Kd7
21. Nc5+ Ke7 22. Rxa7 Ra8 23. Ra3 Kd6 24. b4 Rab8 25. c3 Rhe8 26. Ne4+ Kd7 27.
h3 Nf7 28. Rf1 Rb5 29. Ra7 Reb8 30. g4 h6 31. Rfa1 Nd8 32. Nc5+ Rxc5 33. bxc5
Rxb2 34. R7a2 Rb3 35. Ra3 Rb5 36. d4 Ne6 37. h4 Rb8 38. Kg2 Rb2+ 39. Kf3 Rh2
40. Kg3 Rd2 41. Kf3 Ke7 42. R1a2 Rd1 43. Ra1 Rd2 1/2-1/2

[Event "2.ligaD04/05-11"]
[Site "?"]
[Date "2005.??.??"]
[Round "?"]
[White "Carbol, Jaroslav"]
[Black "Jelinek, Ota"]
[Result "0-1"]
[WhiteElo "2095"]
[BlackElo "2171"]
[PlyCount "70"]
[EventDate "2005.??.??"]

1. e4 e6 2. d4 d5 3. Nd2 Nf6 4. Bd3 b6 5. Ngf3 Ba6 6. Bxa6 Nxa6 7. e5 Nd7 8.
Qe2 Nb4 9. Nb3 c5 10. a3 Nc6 11. Bf4 c4 12. Nbd2 Be7 13. h3 b5 14. c3 a5 15.
O-O O-O 16. Nh2 b4 17. axb4 axb4 18. Qg4 Kh8 19. Nhf3 Qb6 20. Rxa8 Rxa8 21. Bg5
Qd8 22. Qh5 Kg8 23. Bxe7 Qxe7 24. Ng5 h6 25. Ngf3 Ra2 26. Rb1 Nf8 27. Nf1 Qb7
28. cxb4 Qxb4 29. Ne3 Rxb2 30. Rd1 Rb1 31. Nh4 Nxd4 32. Kh2 Rxd1 33. Qxd1 c3
34. g3 Nc6 35. Nf3 Qe4 0-1

[Event "2.ligaD04/05-11"]
[Site "?"]
[Date "2005.??.??"]
[Round "?"]
[White "Vaculikova, Renata"]
[Black "Fisar, Josef"]
[Result "1/2-1/2"]
[WhiteElo "1896"]
[BlackElo "2038"]
[PlyCount "69"]
[EventDate "2005.??.??"]

1. e4 Nf6 2. Nc3 e5 3. Nf3 Bb4 4. Bc4 d6 5. O-O Bg4 6. Nd5 Nxd5 7. Bxd5 c6 8.
Bb3 Qf6 9. c3 Bc5 10. d3 O-O 11. Be3 Bxe3 12. fxe3 Nd7 13. Qe1 Qh6 14. Nh4 Nc5
15. Bc2 Rae8 16. b4 Nd7 17. Qg3 Be6 18. Bb3 Kh8 19. Nf5 Bxf5 20. Rxf5 f6 21.
Raf1 a5 22. a3 axb4 23. axb4 Ra8 24. Be6 Nb6 25. Qf3 g5 26. Rxf6 Rxf6 27. Qxf6+
Qxf6 28. Rxf6 Na4 29. Bf5 Nxc3 30. Rxd6 Nd1 31. Rd7 Ra2 32. Rxh7+ Kg8 33. Rxb7
Rb2 34. Be6+ Kh8 35. Rb8+ 1/2-1/2

[Event "2.ligaD04/05-11"]
[Site "?"]
[Date "2005.??.??"]
[Round "?"]
[White "Vyskocil, Neklan"]
[Black "Riska, Lubomir"]
[Result "1-0"]
[WhiteElo "2327"]
[BlackElo "2177"]
[PlyCount "89"]
[EventDate "2005.??.??"]

1. e4 c5 2. Nf3 e6 3. d4 cxd4 4. Nxd4 a6 5. Bd3 Nc6 6. Nxc6 dxc6 7. Nd2 Qc7 8.
Nc4 b5 9. Ne3 Nf6 10. a4 Rb8 11. O-O Bd6 12. Ng4 Nxg4 13. Qxg4 O-O 14. Qh5 e5
15. Bd2 Be6 16. axb5 axb5 17. Ra5 Ra8 18. Rfa1 Qb7 19. Qd1 Bc5 20. Qe1 Bb6 21.
R5a3 Bd4 22. c3 Bc5 23. b4 Bb6 24. Be3 Rxa3 25. Rxa3 Rd8 26. Bc2 Bc4 27. h3 h6
28. Ra1 Qc7 29. Rd1 Bxe3 30. Qxe3 Rxd1+ 31. Bxd1 Qd8 32. Bg4 Be6 33. Bxe6 fxe6
34. Qc5 Qc7 35. c4 bxc4 36. b5 Qa5 37. Qxc6 Qe1+ 38. Kh2 c3 39. Qxe6+ Kh8 40.
Qc8+ Kh7 41. Qf5+ Kh8 42. b6 Qb1 43. Qc8+ Kh7 44. b7 Qxe4 45. h4 1-0

[Event "2.ligaD04/05-11"]
[Site "?"]
[Date "2005.??.??"]
[Round "?"]
[White "Skaroupka, Jiri"]
[Black "Lacko, Lacko"]
[Result "1/2-1/2"]
[WhiteElo "2136"]
[BlackElo "2231"]
[PlyCount "37"]
[EventDate "2005.??.??"]

1. d4 Nf6 2. c4 g6 3. Nc3 Bg7 4. e4 d6 5. Be2 O-O 6. Bg5 Nbd7 7. Nf3 c6 8. O-O
e5 9. d5 Qc7 10. Ne1 Nc5 11. f3 Qb6 12. Be3 Qxb2 13. Rc1 cxd5 14. Nb5 d4 15.
Bd2 Qxa2 16. Ra1 Qb2 17. Rb1 Qa2 18. Ra1 Qb2 19. Rb1 1/2-1/2

[Event "2.ligaD04/05-11"]
[Site "?"]
[Date "2005.??.??"]
[Round "?"]
[White "Bures, Vit"]
[Black "Molik, Zdenek"]
[Result "1-0"]
[WhiteElo "2208"]
[BlackElo "2203"]
[PlyCount "91"]
[EventDate "2005.??.??"]

1. e4 c5 2. Nf3 e6 3. d4 cxd4 4. Nxd4 a6 5. Nc3 Qc7 6. g3 b5 7. Bg2 Bb7 8. O-O
Nf6 9. Re1 d6 10. a4 e5 11. Nd5 Nxd5 12. exd5 Be7 13. Nf5 Bf6 14. axb5 g6 15.
Nh6 axb5 16. Rxa8 Bxa8 17. Qd3 Qb7 18. Rd1 Na6 19. Be3 Bg7 20. Ra1 Ke7 21. Qa3
Nc7 22. Qd3 f5 23. Nxf5+ gxf5 24. Qxf5 Bf6 25. Ra7 Qc8 26. Qxc8 Rxc8 27. Bh3
Rb8 28. Rxc7+ Ke8 29. Rxh7 Bxd5 30. Bg2 Bf7 31. Bc6+ Kf8 32. Be4 d5 33. Bc5+
Kg8 34. Bf5 Ra8 35. b4 d4 36. Kg2 Bd5+ 37. f3 Ra3 38. Rd7 Bxf3+ 39. Kf2 Re3 40.
Be6+ Kh8 41. Rf7 e4 42. Rxf6 Re2+ 43. Kf1 Rd2 44. g4 Kg7 45. g5 Bh5 46. Bf8+
1-0

[Event "2.ligaD04/05-11"]
[Site "?"]
[Date "2005.??.??"]
[Round "?"]
[White "Vlk, Miroslav"]
[Black "Nepomucky, Ondrej"]
[Result "1/2-1/2"]
[WhiteElo "2115"]
[BlackElo "2218"]
[PlyCount "138"]
[EventDate "2005.??.??"]

1. d4 d5 2. c4 e6 3. Nc3 c5 4. cxd5 cxd4 5. Qxd4 Nc6 6. Qd1 exd5 7. Qxd5 Bd7 8.
Bg5 Nf6 9. Qb3 Nd4 10. Qd1 Ne6 11. Bd2 Bc5 12. e3 Qe7 13. Be2 O-O-O 14. Nf3 Kb8
15. O-O g5 16. Qc2 Rhg8 17. Rfd1 Bd6 18. Be1 Nc5 19. Nb5 Bxb5 20. Bxb5 Nce4 21.
Bd3 g4 22. Nd2 Ng5 23. Nf1 h5 24. Ng3 h4 25. Nf5 Nf3+ 26. gxf3 gxf3+ 27. Ng3
hxg3 28. fxg3 Ng4 29. Bf2 Rh8 30. Bf5 Nxf2 31. Qxf2 Rdg8 32. Qxf3 Bc5 33. Rd7
Qxe3+ 34. Qxe3 Bxe3+ 35. Kg2 Rd8 36. Rad1 Bb6 37. R1d2 Ba5 38. Rxd8+ Rxd8 39.
Re2 Rd2 40. Rxd2 Bxd2 41. Kf3 Kc7 42. Ke4 Kd6 43. Bc8 b6 44. Kf5 Ke7 45. g4 f6
46. h4 Kf7 47. Ba6 Bc1 48. b3 Bb2 49. b4 Bc3 50. b5 Kg7 51. Bb7 Be1 52. h5 Bd2
53. Ke6 Bc3 54. Kd7 Be1 55. Be4 Bd2 56. Kc6 Be1 57. Kb7 Bd2 58. Kxa7 Ba5 59.
Kb7 Kh6 60. Kc6 Kg7 61. a4 Kh6 62. Kd5 Kg7 63. Ke6 Be1 64. h6+ Kxh6 65. Kxf6
Bc3+ 66. Kf5 Kg7 67. g5 Be1 68. Ke6 Bd2 69. g6 Be1 1/2-1/2

[Event "2.ligaD04/05-11"]
[Site "?"]
[Date "2005.??.??"]
[Round "?"]
[White "Cerveny, Martin"]
[Black "Dobes, Oldrich"]
[Result "1-0"]
[WhiteElo "2135"]
[BlackElo "2066"]
[PlyCount "121"]
[EventDate "2005.??.??"]

1. d4 Nf6 2. c4 e6 3. Nf3 Bb4+ 4. Bd2 Qe7 5. g3 b6 6. Bg2 Bb7 7. O-O Bxd2 8.
Qxd2 O-O 9. Nc3 d6 10. Qc2 Nbd7 11. e4 c6 12. Nh4 g6 13. b3 Rac8 14. Qb2 e5 15.
Rad1 Rfe8 16. Nf3 Nf8 17. Rfe1 Qc7 18. Qa3 Qb8 19. dxe5 dxe5 20. c5 Rcd8 21.
Rxd8 Rxd8 22. cxb6 axb6 23. Qe7 N8d7 24. Ng5 Rf8 25. Rd1 h6 26. Nf3 Re8 27. Qb4
Kg7 28. Bh3 Qc7 29. Bxd7 Nxd7 30. Qd6 Qxd6 31. Rxd6 Re7 32. Nd2 b5 33. b4 c5
34. a3 cxb4 35. axb4 Nf6 36. f3 Bc8 37. Nb3 Be6 38. Na5 Ne8 39. Rd8 Rc7 40.
Nxb5 Rc1+ 41. Kf2 Rc2+ 42. Ke3 Nf6 43. Rd2 Rc1 44. Rb2 g5 45. Nd6 g4 46. f4
exf4+ 47. gxf4 Re1+ 48. Re2 Rb1 49. b5 h5 50. Rd2 h4 51. f5 Bd7 52. Nc6 h3 53.
Kf4 Rf1+ 54. Kg5 Rg1 55. e5 Nh7+ 56. Kh4 Rg2 57. Rd4 Nf8 58. Rxg4+ Ng6+ 59.
Kxh3 Rxg4 60. Kxg4 Bxc6 61. fxg6 1-0

[Event "2.ligaD04/05-11"]
[Site "?"]
[Date "2005.??.??"]
[Round "?"]
[White "Docekal, Jan"]
[Black "Mudra, Tomas"]
[Result "1-0"]
[WhiteElo "2120"]
[BlackElo "2075"]
[PlyCount "57"]
[EventDate "2005.??.??"]

1. e4 c5 2. Nc3 Nc6 3. f4 g6 4. Nf3 Bg7 5. Bc4 e6 6. e5 d6 7. exd6 Qxd6 8. d3
b6 9. Ne4 Qc7 10. O-O Nge7 11. c3 O-O 12. Qe1 Nd5 13. f5 Nce7 14. f6 Nxf6 15.
Nxf6+ Bxf6 16. Ng5 Bg7 17. Qh4 h6 18. Ne4 Nf5 19. Nf6+ Bxf6 20. Qxf6 Qd8 21.
Rxf5 gxf5 22. Qxh6 f6 23. Qg6+ Kh8 24. Qh5+ Kg8 25. Bh6 Qe8 26. Qxf5 Rf7 27.
Qg6+ Kh8 28. Bg7+ Kg8 29. Bxf6+ 1-0

[Event "2.ligaD04/05-11"]
[Site "?"]
[Date "2005.??.??"]
[Round "?"]
[White "Tomes, Pavel"]
[Black "Mlensky, Dalibor"]
[Result "1-0"]
[WhiteElo "2109"]
[BlackElo "2085"]
[PlyCount "20"]
[EventDate "2005.??.??"]

1. Nc3 d5 2. e4 d4 3. Nce2 e5 4. Nf3 Nc6 5. Ng3 Be6 6. Bb5 f6 7. d3 Nge7 8. c3
a6 9. Ba4 b5 10. Bb3 dxc3 1-0

[Event "2.ligaD04/05-11"]
[Site "?"]
[Date "2005.??.??"]
[Round "?"]
[White "Tomas, Fojtik"]
[Black "Fuchs, Ludek"]
[Result "0-1"]
[WhiteElo "2054"]
[BlackElo "2114"]
[PlyCount "106"]
[EventDate "2005.??.??"]

1. d4 Nf6 2. c4 g6 3. Nc3 Bg7 4. e4 d6 5. Nf3 O-O 6. Be2 e5 7. h3 Nh5 8. dxe5
dxe5 9. Qxd8 Rxd8 10. Nd5 Na6 11. Bg5 f6 12. Be3 c6 13. Ne7+ Kf7 14. Nxc8 Rdxc8
15. O-O-O Ke7 16. g3 c5 17. Nh4 Rd8 18. Bxh5 gxh5 19. Nf5+ Kf8 20. a3 b6 21.
Kc2 Nc7 22. Rxd8+ Rxd8 23. Rd1 Rxd1 24. Kxd1 Ne8 25. Kc2 Kf7 26. Kb3 Bf8 27.
Ka4 Nc7 28. b4 Ke6 29. bxc5 bxc5 30. Ka5 Kd7 31. Bd2 Kc6 32. Ka4 Ne6 33. Ka5
Nc7 34. Bc1 Na8 35. Ka4 Nc7 36. Be3 Ne6 37. Bd2 Nc7 38. Ba5 Ne6 39. Ne3 Ng5 40.
Bd8 Nxe4 41. f3 Nd2 42. Bxf6 Nxf3 43. Kb3 e4 44. Nf5 Kd7 45. Bc3 Ke6 46. g4
hxg4 47. hxg4 h5 48. Ng3 hxg4 49. Nxe4 Bd6 50. Bd2 Nxd2+ 51. Nxd2 g3 52. Kc3 g2
53. Nf3 Bh2 0-1

[Event "2.ligaD04/05-11"]
[Site "?"]
[Date "????.??.??"]
[Round "?"]
[White "Vechet, Stanislav"]
[Black "Adam, Petr"]
[Result "0-1"]
[WhiteElo "2248"]
[BlackElo "2053"]
[PlyCount "134"]
[EventDate "2005.??.??"]

{409MB, Fritz8.ctg} 1. d4 g6 2. e4 Bg7 3. Nf3 c6 4. c3 d5 5. Nbd2 Nh6 6. Bd3
O-O 7. O-O Nd7 8. exd5 cxd5 9. Re1 Nf6 10. Nf1 Nf5 11. a4 Nd6 12. Ng3 Bg4 13.
h3 Bxf3 14. Qxf3 Rc8 15. Bg5 Nc4 16. Bxc4 Rxc4 17. a5 h6 18. Bxf6 Bxf6 19. Nf1
e6 20. Nd2 Rc6 21. Qd3 Qc7 22. Ra4 Rc8 23. Rea1 a6 24. Nf3 Kg7 25. Qe3 Rb8 26.
Ne5 Bxe5 27. dxe5 b5 28. Rh4 Rh8 29. Rd4 Rc4 30. Rxc4 Qxc4 31. b4 Rc8 32. Ra3
Qc6 33. Qb6 Qa8 34. Qd6 Rc4 35. Qe7 Qf8 36. Qb7 Qc8 37. Qxc8 Rxc8 38. Kf1 Rc4
39. Ke2 g5 40. Kd3 Kg6 41. Ra2 Kf5 42. Re2 h5 43. Re3 g4 44. hxg4+ hxg4 45. f3
g3 46. Re1 d4 47. cxd4 Rxb4 48. Re4 Rb2 49. Rg4 Rxg2 50. Rg7 Ra2 51. Rxg3 Ra3+
52. Ke2 f6 53. exf6 Kxf6 54. Rg8 Rxa5 55. Kd3 Ra3+ 56. Ke4 b4 57. Rb8 a5 58.
Rb5 Ke7 59. f4 b3 60. Ke5 Kd7 61. d5 exd5 62. f5 a4 63. Kxd5 Ra1 64. Rb7+ Kc8
65. Rb4 Rf1 66. Ke6 a3 67. Rxb3 a2 0-1

[Event "2.ligaD04/05-11"]
[Site "?"]
[Date "????.??.??"]
[Round "?"]
[White "Dvorak, Libor"]
[Black "Symersky, Petr"]
[Result "0-1"]
[WhiteElo "2046"]
[BlackElo "2091"]
[PlyCount "60"]
[EventDate "2005.??.??"]

{409MB, Fritz8.ctg} 1. Nf3 Nf6 2. g3 d5 3. Bg2 c6 4. c4 g6 5. b3 Bg7 6. Bb2 O-O
7. d3 Nbd7 8. O-O Re8 9. Nbd2 e5 10. cxd5 Nxd5 11. e4 N5b6 12. d4 exd4 13. Bxd4
Bxd4 14. Nxd4 Ne5 15. Ne2 Bh3 16. f4 Bxg2 17. Kxg2 Re7 18. Qc2 Rd7 19. Rad1 Ng4
20. Rf3 Qe7 21. Nc3 Rad8 22. h3 Nf6 23. e5 Ne8 24. Nde4 Rxd1 25. Nxd1 f5 26.
Nef2 Ng7 27. Rd3 Ne6 28. Qd2 Rxd3 29. Qxd3 Nd5 30. Ne3 Nexf4+ 0-1

[Event "2.ligaD04/05-11"]
[Site "?"]
[Date "????.??.??"]
[Round "?"]
[White "Lastovicka, Jiri"]
[Black "Fojtach, Ivan"]
[Result "1/2-1/2"]
[WhiteElo "2110"]
[BlackElo "2022"]
[PlyCount "104"]
[EventDate "2005.??.??"]

{409MB, Fritz8.ctg} 1. e4 c5 2. Nc3 Nc6 3. g3 g6 4. Bg2 Bg7 5. d3 d6 6. Be3 Nf6
7. Qc1 O-O 8. Bh6 Nd4 9. Bxg7 Kxg7 10. Nd1 Bd7 11. c3 Nc6 12. f4 Qc8 13. Nf2
Ng4 14. Ngh3 Nxf2 15. Nxf2 f5 16. O-O e5 17. Qd2 Be6 18. a3 a5 19. Rae1 exf4
20. gxf4 Qd7 21. d4 Bc4 22. dxc5 Bxf1 23. Bxf1 fxe4 24. cxd6 Rad8 25. Nxe4 Qg4+
26. Bg2 Qxf4 27. Qxf4 Rxf4 28. Nc5 Rxd6 29. Ne6+ Rxe6 30. Rxe6 Rf6 31. Re2 Kf8
32. b4 axb4 33. axb4 b6 34. Rf2 Rxf2 35. Kxf2 Ne5 36. Ke3 Ke7 37. Kd4 Kd6 38.
c4 Nd7 39. Bh3 Nf6 40. c5+ bxc5+ 41. bxc5+ Kc6 42. Bg2+ Kc7 43. h3 Nd7 44. Bf3
Nxc5 45. Kxc5 Kd7 46. Kd5 Ke7 47. Ke5 Kf7 48. Bd5+ Kg7 49. Ke6 g5 50. Kf5 h5
51. Bf3 g4 52. Bxg4 h4 1/2-1/2

[Event "2.ligaD04/05-11"]
[Site "?"]
[Date "????.??.??"]
[Round "?"]
[White "Skrenek, Jiri"]
[Black "Sochna, Dusan"]
[Result "0-1"]
[WhiteElo "2046"]
[BlackElo "2190"]
[PlyCount "160"]
[EventDate "2005.??.??"]

{409MB, Fritz8.ctg} 1. e4 c5 2. Nf3 d6 3. d4 cxd4 4. Nxd4 Nf6 5. Nc3 a6 6. Be2
e5 7. Nf3 h6 8. O-O Be6 9. Be3 Nbd7 10. Nd2 d5 11. exd5 Nxd5 12. Nxd5 Bxd5 13.
Nc4 Bxc4 14. Bxc4 Qc7 15. Bb3 Bc5 16. Bxc5 Nxc5 17. Bd5 O-O 18. c4 Rad8 19. Qf3
b6 20. Rfe1 Rfe8 21. b4 Ne6 22. Rac1 Nd4 23. Qe4 Kh8 24. f4 f6 25. Qg6 Rf8 26.
fxe5 Rxd5 27. cxd5 Ne2+ 28. Kh1 Nxc1 29. e6 Qc3 30. Qe4 Nd3 31. Qe3 Qxb4 32.
Rd1 Ne5 33. d6 Qg4 34. Qb3 Re8 35. d7 Nxd7 36. exd7 Qxd7 37. h3 Qc7 38. Qa4 b5
39. Qxa6 Qc2 40. Rg1 Qb2 41. a4 bxa4 42. Qxa4 Re2 43. Qg4 Qe5 44. Qc8+ Kh7 45.
Qc1 f5 46. Qb1 Qd5 47. Qc1 Qe4 48. Qc8 Kg6 49. Qc7 Re3 50. Kh2 Re2 51. Qg3+ Kh7
52. Rf1 Qe5 53. Qxe5 Rxe5 54. Rf2 Kg6 55. Ra2 Kg5 56. Kg3 f4+ 57. Kf3 Re3+ 58.
Kf2 Rb3 59. Rc2 Kh4 60. Ra2 g5 61. Rc2 h5 62. Ra2 g4 63. hxg4 hxg4 64. Rc2 g3+
65. Ke2 Kg4 66. Ra2 f3+ 67. gxf3+ Rxf3 68. Ra4+ Rf4 69. Ra8 g2 70. Rg8+ Kh3 71.
Rh8+ Kg3 72. Rg8+ Kh2 73. Rh8+ Kg1 74. Rg8 Rf7 75. Ra8 Re7+ 76. Kf3 Rf7+ 77.
Kg3 Rg7+ 78. Kf3 Rh7 79. Ra1+ Kh2 80. Ra2 Kh1 0-1

[Event "2.ligaD04/05-11"]
[Site "?"]
[Date "????.??.??"]
[Round "?"]
[White "Kalendovsky, Jan"]
[Black "Nekula, Richard"]
[Result "1-0"]
[WhiteElo "2123"]
[BlackElo "2042"]
[PlyCount "87"]
[EventDate "2005.??.??"]

{409MB, Fritz8.ctg} 1. e4 e5 2. f4 d5 3. exd5 exf4 4. Nf3 Be7 5. Bb5+ c6 6.
dxc6 bxc6 7. Bc4 Bh4+ 8. g3 Bf6 9. O-O Bg4 10. c3 Ne7 11. d4 fxg3 12. hxg3 O-O
13. Nbd2 Nf5 14. Ne4 Nd7 15. Kg2 Nb6 16. Bb3 Nd5 17. Qd3 Nd6 18. Nxf6+ Qxf6 19.
Ne5 Bf5 20. Qd1 Be4+ 21. Kh2 Qe6 22. c4 Rac8 23. cxd5 cxd5 24. Bf4 f6 25. Nd3
f5 26. Nc5 Rxc5 27. dxc5 Rf6 28. Qh5 g6 29. Qh4 Nf7 30. Rac1 g5 31. Bxg5 Nxg5
32. Qxg5+ Kf7 33. Rf4 Rg6 34. Qd8 Rh6+ 35. Rh4 Rxh4+ 36. Qxh4 Qe5 37. Qh5+ Kg7
38. Qg5+ Kf7 39. Qh5+ Kg8 40. Qg5+ Kh8 41. Qd8+ Kg7 42. Qg5+ Kh8 43. Rd1 Qxb2+
44. Qd2 1-0

[Event "2.ligaD04/05-11"]
[Site "?"]
[Date "????.??.??"]
[Round "?"]
[White "Petlak, Josef"]
[Black "Vrtal, Jaroslav"]
[Result "0-1"]
[WhiteElo "2028"]
[BlackElo "2143"]
[PlyCount "76"]
[EventDate "2005.??.??"]

{409MB, Fritz8.ctg} 1. e4 c5 2. Nf3 d6 3. d4 cxd4 4. Nxd4 Nf6 5. Nc3 a6 6. Be2
e6 7. O-O Be7 8. Re1 O-O 9. Nb3 Nc6 10. a4 b6 11. Bf4 Bb7 12. Bf1 Rc8 13. Qd2
Qc7 14. a5 b5 15. f3 Ne5 16. Bxe5 dxe5 17. Rec1 Bb4 18. Bd3 Bxc3 19. bxc3 Qxc3
20. Qe3 Nd7 21. Qa7 Rc7 22. Qf2 Nc5 23. Nxc5 Rxc5 24. Rcb1 f5 25. Qe1 Qd4+ 26.
Kh1 Rc3 27. Rd1 Qc5 28. Rd2 b4 29. Qe2 fxe4 30. fxe4 Rd8 31. Rad1 Qc8 32. Qh5
b3 33. cxb3 Rxb3 34. Rf2 h6 35. Qe2 Qc5 36. Rff1 Rc3 37. Bxa6 Rxd1 38. Rxd1 Rc2
0-1

[Event "2.ligaD04/05-11"]
[Site "?"]
[Date "????.??.??"]
[Round "?"]
[White "Klenner, Richard"]
[Black "Jelen, Jiri"]
[Result "1/2-1/2"]
[WhiteElo "1967"]
[BlackElo "1957"]
[PlyCount "124"]
[EventDate "2005.??.??"]

{409MB, Fritz8.ctg} 1. e4 e5 2. Nf3 d6 3. d4 Nd7 4. Bc4 c6 5. O-O Be7 6. dxe5
Nxe5 7. Nxe5 dxe5 8. Qh5 g6 9. Qxe5 f6 10. Qc3 Bd6 11. Qb3 Ke7 12. Be3 b5 13.
Be2 Qc7 14. f4 Be6 15. c4 bxc4 16. Bxc4 Rb8 17. Qc2 Bxc4 18. Qxc4 Rb4 19. Qc2
Kf7 20. Nc3 Kg7 21. Qf2 Nh6 22. h3 Rhb8 23. b3 R4b7 24. Rac1 Qe7 25. Bd4 Rd8
26. Rfe1 Bb4 27. e5 f5 28. Na4 Bxe1 29. Rxe1 Rbd7 30. Bc3 Rd1 31. Kh2 Rxe1 32.
Qxe1 Rd5 33. Qe3 Kf7 34. b4 Ng8 35. Nc5 Rxc5 36. bxc5 Qe6 37. Qd4 Ne7 38. Qa4
Qd7 39. e6+ Kxe6 40. Qb3+ Qd5 41. Qa3 Qc4 42. Be5 a6 43. Bd6 Nd5 44. Qb2 Nc3
45. Qb8 Kd5 46. Qe8 Qe4 47. Qf7+ Kd4 48. Be5+ Kd3 49. Qb3 Qc4 50. Qa3 Kc2 51.
Bxc3 Qxc3 52. Qa4+ Kb2 53. Qxc6 a5 54. a4 Qd4 55. Qd6 Qxa4 56. c6 Qc4 57. Qe5+
Kb3 58. c7 a4 59. Qe3+ Kc2 60. Qf2+ Kb3 61. Qe3+ Kb2 62. Qd2+ Kb3 1/2-1/2

[Event "2.ligaD04/05-11"]
[Site "?"]
[Date "????.??.??"]
[Round "?"]
[White "Horky, Jaroslav"]
[Black "Vratislavsky, Ivo"]
[Result "1-0"]
[WhiteElo "1947"]
[BlackElo "1825"]
[PlyCount "105"]
[EventDate "2005.??.??"]

{409MB, Fritz8.ctg} 1. d4 f5 2. Nc3 Nf6 3. Bf4 e6 4. e3 Be7 5. Nf3 a6 6. Bd3 d5
7. Ne5 Nbd7 8. h3 c5 9. g4 c4 10. Bf1 O-O 11. gxf5 exf5 12. Rg1 Bb4 13. Bh6
Bxc3+ 14. bxc3 Ne8 15. Qh5 Ndf6 16. Qg5 Qc7 17. Be2 Kh8 18. Bh5 Be6 19. Ke2 b5
20. Rg2 Ra7 21. Rag1 Rb7 22. Bxe8 Nxe8 23. Qh4 Kg8 24. Bf4 Qe7 25. Qxe7 Rxe7
26. h4 Rb7 27. Nc6 Rd7 28. h5 Nf6 29. Ne5 Rb7 30. h6 g6 31. Nc6 Ne4 32. Be5
Nxc3+ 33. Kf3 Ne4 34. Bg7 Rc8 35. Ne5 Bf7 36. Nxf7 Kxf7 37. Be5 Nc3 38. Rg3
Nxa2 39. Ra1 Nb4 40. c3 Nc6 41. Rxa6 Nxe5+ 42. dxe5 Re8 43. Kf4 Rbe7 44. Rf6+
Kg8 45. Rxf5 Kh8 46. Rfg5 Rf8+ 47. Kg4 Rxf2 48. e6 Rd2 49. Re5 Kg8 50. Rg1 Rh2
51. Kg5 Rh5+ 52. Kf6 Rxe5 53. Kxe7 1-0